| 000 | 00993nac a22002411u 4500 | ||
|---|---|---|---|
| 008 | 160926b xxu||||| |||| 00| 0 eng d | ||
| 010 | _a 98043324 | ||
| 020 | _a0070273898 | ||
| 082 | 0 | 0 |
_a621.382/2 _bH4171 |
| 100 | _aHayes, M. H. | ||
| 245 | 1 | 0 |
_aSchaum’s outline of theory and problems of digital signal processing / _cMonson H. Hayes. |
| 246 | 3 | _aTheory and problems of digital signal processing | |
| 260 |
_aNew York : _bMcGraw Hill, _cc1999. |
||
| 300 |
_aix, 432 p. : _bill. ; _c28 cm. |
||
| 490 | 0 | _aSchaum's outline series | |
| 500 | _aIncludes index. | ||
| 650 | 0 |
_aSignal processing _xDigital techniques _xProblems, exercises, etc. _2BUEsh |
|
| 650 | 0 |
_aSignal processing _xDigital techniques _xOutlines, syllabi, etc. _2BUEsh |
|
| 651 | _2BUEsh | ||
| 856 | 4 | 2 |
_3Publisher description _uhttp://www.loc.gov/catdir/description/mh023/98043324.html |
| 856 | 4 | 2 |
_3Table of contents _uhttp://www.loc.gov/catdir/toc/mh022/98043324.html |
| 942 |
_cBB _k621.3822H4171 _2ddc |
||
| 999 |
_c117 _d117 |
||